Statistiken für Nationalfeiertage Quiz

Klicken Sie hier um das Quiz zu spielen!

Allgemein

  • Dieses Quiz wurde 35 mal gespielt
  • Das Durchschnittsergebnis liegt bei 3 aus 16

Antwortstatistiken

DatumLand% Korrekt
3. OktoberDeutschland
100%
10. JuniPortugal
39%
17. MaiNorwegen
36%
26. JanuarAustralien
30%
15. FebruarSerbien
21%
23. JuliÄgypten
15%
25. AugustUruguay
15%
18. DezemberKatar
12%
26. MaiGeorgien
9%
23. FebruarGuyana
9%
30. AprilIsrael
9%
27. AugustMoldawien
9%
3. SeptemberSan Marino
9%
30. NovemberBarbados
3%
4. JuniTonga
3%
11. AugustTschad
3%

Verteilung der Resultate

Perzentil nach korrekt beantworteten Fragen

Anzahl Personen mit jedem Resultat

Ihre Resultats-Entwicklung

Sie haben dieses Quiz noch nicht gespielt